|
|
|
|
| LEADER |
00000nam0a2200000 4500 |
| 001 |
107216 |
| 005 |
20231031115222.0 |
| 010 |
|
|
|a 5699172181
|
| 035 |
|
|
|a (RuTPU)RU\TPU\book\115763
|
| 090 |
|
|
|a 107216
|
| 100 |
|
|
|a 20061220d2006 m y0rusy50 ca
|
| 101 |
0 |
|
|a rus
|
| 102 |
|
|
|a RU
|
| 105 |
|
|
|a y z 000gy
|
| 200 |
1 |
|
|a Антология русской поэзии. Серебряный век. 120 поэтов, 720 стихотворений
|
| 210 |
|
|
|a Москва
|c Эксмо
|d 2006
|
| 215 |
|
|
|a 720 с.
|
| 318 |
|
|
|5 63413507
|a Русский язык и культура
|b выставка
|
| 330 |
|
|
|a Серебряный век... Так все чаще обозначают удивительный период в истории русской культуры, начавшийся в конце XIX столетия и прерванный октябрьским переворотом 1917 года. Это было время интеллектуальных прозрений и социальных потрясений, получившее совершенное художественное воплощение в русском искусстве и литературе. В антологии широко представлена лирика Серебряного века. Наряду с шедеврами Александра Блока и Анны Ахматовой, Сергея Есенина и Марины Цветаевой читатель найдет в книге удивительные по своему совершенству и поэтической красоте стихотворения десятков других мастеров стиха — от философа Андрея Белого до сатирика Саши Черного. Перед вами — своего рода лирический дневник эпохи.
|
| 464 |
|
|
|t Поэзия в мире Серебряного века
|o предисловие
|f С. Дмитренко
|a Мариенгоф, Анатолий Борисович
|
| 610 |
1 |
|
|a русская литература
|
| 610 |
1 |
|
|a поэзия
|
| 610 |
1 |
|
|a стихи
|
| 610 |
1 |
|
|a Серебряный век
|
| 675 |
|
|
|a Р1
|v 3
|
| 801 |
|
1 |
|a RU
|b 63413507
|c 20061220
|g PSBO
|
| 801 |
|
2 |
|a RU
|b 63413507
|c 20220603
|g PSBO
|
| 942 |
|
|
|c BK
|